LEADER 01810nam 22005293 450 001 9910131661403321 005 20200330133131.0 010 $a88-491-3240-9 035 $a(CKB)3460000000087231 035 $a(ItFiC)it 02448153 035 $a(SSID)ssj0000725082 035 $a(PQKBManifestationID)12285620 035 $a(PQKBTitleCode)TC0000725082 035 $a(PQKBWorkID)10748837 035 $a(PQKB)11384660 035 $a(EXLCZ)993460000000087231 100 $a20110322d2010 uy 0 101 0 $aita 181 $ctxt 182 $cc 183 $acr 200 03$aLa tarda antichitą tra fonti scritte e archeologiche /$fa cura di Paola Galetti ; contributi di Paola Galetti ... [et al.] 210 $aBologna $cCLUEB$d2010 215 $a105 p. $cill. ;$d21 cm 225 0 $aDPM quaderni. Dottorato / Universitįa di Bologna, Dipartimento di paleografia e medievistica La tarda antichitįa tra fonti scritte e archeologiche 225 0$aDPM quaderni.$pDottorato / Universitą di Bologna, Dipartimento di paleografia e medievistica ;$v7 300 $aUniversity lectures. 320 $aIncludes bibliographical references. 606 $aChurch history$yPrimitive and early church, ca. 30-600 606 $aRegions & Countries - Europe$2HILCC 606 $aHistory & Archaeology$2HILCC 606 $aItaly$2HILCC 607 $aRome$xHistory$yEmpire, 284-476 615 0$aChurch history 615 7$aRegions & Countries - Europe 615 7$aHistory & Archaeology 615 7$aItaly 676 $a726 676 $a945 676 $a320 676 $a709 702 $aGaletti$b Paola 801 0$bItFiC 906 $aBOOK 912 $a9910131661403321 996 $aLa tarda antichitą tra fonti scritte e archeologiche$92429882 997 $aUNINA LEADER 02806oam 2200673I 450 001 9910779945203321 005 20230421041429.0 010 $a1-134-78088-5 010 $a1-134-78089-3 010 $a1-280-15742-9 010 $a0-203-43626-1 010 $a0-203-28609-X 024 7 $a10.4324/9780203436264 035 $a(CKB)111056485526080 035 $a(EBL)178603 035 $a(OCoLC)191031502 035 $a(SSID)ssj0000184532 035 $a(PQKBManifestationID)11182379 035 $a(PQKBTitleCode)TC0000184532 035 $a(PQKBWorkID)10204674 035 $a(PQKB)10661584 035 $a(MiAaPQ)EBC178603 035 $a(Au-PeEL)EBL178603 035 $a(CaPaEBR)ebr10057599 035 $a(CaONFJC)MIL15742 035 $a(OCoLC)52093347 035 $a(EXLCZ)99111056485526080 100 $a20180331d1996 uy 0 101 0 $aeng 135 $aurcn||||||||| 181 $ctxt 182 $cc 183 $acr 200 10$aItaly and the wider world 1860-1960 /$fR.J.B. Bosworth 210 1$aNew York :$cRoutledge,$d1996. 215 $a1 online resource (263 p.) 300 $aDescription based upon print version of record. 311 $a0-415-86241-8 311 $a0-415-13477-3 320 $aIncludes bibliographical references (p. 188-240) and index. 327 $aBook Cover; Title; Contents; Tables; Preface; Introduction: The problem of Italy and the wider world 1860 1960; ITALIAN DIPLOMACY AND EUROPEAN POWER POLITICS 1860 1922; ITALIAN DIPLOMACY AND EUROPEAN POWER POLITICS 1922 60; THE ITALIAN MILITARY IN WAR AND PEACE 1860 1960; ITALIAN COMMERCE AND THE WIDER WORLD 1860 1960; THE RISE AND FALL OF THE ITALIAN EMPIRE 1860 1960; THE RISE AND RISE OF THE EMPIRE OF THE ITALIES: EMIGRATION 1860-1960; CULTURES AND IDEOLOGY FOR EXPORT: ITALY AND THE ITALIES 1860-1960; VISITING ITALY: TOURISM AND LEISURE 1860-1960; Conclusion; Notes; Index; 330 $a`It would be difficult to imagine a more wittier or stimulating text.' Paul Preston, LSE. Bosworth challenges many aspects of current Italian historiography and offers an original and lively vision of the place of Italy in modern history. 606 $aCivilization$xItalian influences 606 $aCivilization, Modern$y19th century 607 $aItaly$xForeign relations 607 $aItaly$xEmigration and immigration 607 $aItaly$xCivilization$y1789-1900 607 $aItaly$xCivilization$y20th century 615 0$aCivilization$xItalian influences. 615 0$aCivilization, Modern 676 $a945/.08 700 $aBosworth$b R. J. B.$0140631 801 0$bMiAaPQ 801 1$bMiAaPQ 801 2$bMiAaPQ 906 $aBOOK 912 $a9910779945203321 996 $aItaly and the Wider World 1860-1960$9500822 997 $aUNINA